Villes traversées par la Volga - Mort Subite - Statistiques

Statistiques générales
  • Ce quiz a été pris 5 fois
    2 depuis la dernière actualisation
  • Le résultat moyen est 2 sur 12
Answers on the Grid
Answers color-coded by a green-red scale on the quiz's grid according to % correct below.
Volgograd
Samara
Kazan
Saratov
Nijni Novgorod
Astrakhan
Tver
Tcheboksary
Togliatti
Kostroma
Iaroslavl
Moscou
Oulianovsk
Ijevsk
Kiev
Voronej
Saransk
Riazan
Perm
Tcheliabinsk
Volgodonsk
Vologda
Saint-Pétersbourg
Petrozavodsk
 
Statistiques - réponses
Réponse % Correct
Volgograd
100%
Astrakhan
50%
Iaroslavl
0%
Kazan
0%
Kostroma
0%
Nijni Novgorod
0%
Oulianovsk
0%
Samara
0%
Saratov
0%
Tcheboksary
0%
Togliatti
0%
Tver
0%
Aucun quiz correspondant
Distribution des résultats
% des personnes avec chaque résultat
Percentile par nombre de réponses
Votre historique - résultats
Vous n’avez pas pris ce quiz depuis la dernière actualisation